| 000 | 01652nam a22002417a 4500 | ||
|---|---|---|---|
| 999 |
_c5978 _d5978 |
||
| 003 | DO-SdBJH | ||
| 005 | 20210309135428.0 | ||
| 008 | 210305b ||||| |||| 00| 0 spa d | ||
| 040 |
_aDO-SdBJH _bspa _cDO-SdBJH |
||
| 090 |
_aTG ANMG _b01399 2018 |
||
| 100 | 1 |
_aPeguero Cáceres, Ghamar Rafael _esustentante |
|
| 245 | 1 | 0 |
_aPropuesta para la conformación de unidades de vigilancia costera mediante uso de drones, en la Bases, Comandancias y Destacamento de la ARD / _cGhamar Rafael Peguero Cáceres, |
| 260 |
_aSanto Domingo Este : _bINSUDE, _c2018 |
||
| 300 | _a xiii, 43 páginas | ||
| 502 | _aTrabajo de grado (Licenciado en Ciencias Navales). -- Instituto Superior para la Defensa (INSUDE). Academia Naval Marina de Guerra “Vicealmirante Cesar D’Windt Lavandier”, 2018 | ||
| 504 | _aIncluye referencias bibliográficas e índices | ||
| 505 | _aAspectos generales de los vehículos aéreos no tripulados (drones). -- Unidades de vigilancia en la Armada de la República Dominicana. -- Propuesta para la conformación de un sistema de vigilancia mediante vehículo aéreo no tripulados "drones" para la ARD. -- Unidades de vigilancia en la Armada de la Republica Dominicana. -- Propuesta para la conformación de un sistema de vigilancia mediante vehículos aéreos no tripulados "drones" para la ARD | ||
| 700 | 1 |
_aPeña Lluberes, Joel Fernando _esustentante |
|
| 700 | 1 |
_aFeliz ledesma, Manuel Virgilio _easesor |
|
| 700 | 1 |
_aMéndez Sosa, Roberto _easesor |
|
| 830 | _aINSUDE. Academia Naval Marina de Guerra “Vicealmirante Cesar D’Windt Lavandier”. Tesis y disertaciones académicas | ||
| 942 |
_2CL _cT |
||